000 00641nam a2200181 4500
008 0 1997 0a 000 0MEX
020 _a968-880-960-8
050 _aQA276 M429 1997
082 _a519.5 M365p
100 _aMendenhall, William
245 _aProbabilidad y estadística para ingeniría y ciencias / William Mendenhall
250 _a4
260 _aMéxico : Prentice Hall
300 _a1182 p. / 26cm
500 _aIncluye ap‚ndice e índice
650 _a1.ESTADISTICA MATEMÁTICA \ 2.INGENIERIA MÉTODOS ESTADÍSTICOS
700 _aSincich, Terry, coaut. \ Escalona, Roberto, Tr. \ Rico Rico, Marcial Gil, Rev.
999 _c14185
_d14185